Ready-to-use medieval illustrations : 424 different copyright-free designs printed one side (Record no. 285462)

MARC details
000 -LEADER
fixed length control field 00701nam a2200217Ia 4500
008 - FIXED-LENGTH DATA ELEMENTS--GENERAL INFORMATION
fixed length control field 191130s1999##################000#0#eng##
020 ## - INTERNATIONAL STANDARD BOOK NUMBER
ISBN 9780486404714
082 ## - DEWEY DECIMAL CLASSIFICATION NUMBER
Classification number 745.442 KAT
100 ## - MAIN ENTRY--AUTHOR NAME
Personal name Kate, Maggie
245 ## - TITLE STATEMENT
Title Ready-to-use medieval illustrations : 424 different copyright-free designs printed one side
Statement of responsibility, etc selected and arranged by Maggie Kate
260 ## - PUBLICATION, DISTRIBUTION, ETC. (IMPRINT)
Place of publication Mineola, NY
Name of publisher Dover Publications
Year of publication 1999
300 ## - PHYSICAL DESCRIPTION
Number of Pages 32 leaves : all col. ill. ; 28 cm
500 ## - GENERAL NOTE
General note Cover title
650 ## - SUBJECT ADDED ENTRY--TOPICAL TERM
Topical Term Clip art
Topical Term Decoration and ornament, Medieval
991 ## -
-- 322410
Holdings
Withdrawn status Lost status Damaged status Not for loan Home library Current library Shelving location Date acquired Full call number Accession Number Price effective from Koha item type
        Anna Centenary Library Anna Centenary Library 6TH FLOOR, B WING 15.10.2020 745.442 KAT 402836 15.10.2020 English Books
        Anna Centenary Library Anna Centenary Library 6TH FLOOR, B WING 15.10.2020 745.442 KAT 402837 15.10.2020 English Books

Find us on the map